000 00844cam a22002534a 4500
999 _c531676
_d531676
001 14190326
005 20191023115819.0
008 051206s2006 enka 000 0 eng
010 _a 2005035463
020 _a0749445521
040 _cDLC
082 0 0 _a808.06665
_bFOR
100 1 _aForsyth, Patrick.
_911519
245 1 0 _aHow to write reports & proposals /
_cPatrick Forsyth.
246 3 _aHow to write reports and proposals
260 _aLondon ;
_aPhiladelphia :
_bKogan Page Limited,
_c2006.
300 _avi, 118 p. :
_bill. ;
_c22 cm.
440 0 _aCreating success
_911523
500 _a"First edition 2003, published as, Powerful reports and proposals."-T.p. verso.
650 0 _aBusiness report writing.
_911520
650 0 _aProposal writing in business.
_911521
650 0 _aBusiness writing.
_911500
942 _2ddc
_cBK